SNMP : (Record no. 153797)

MARC details
000 -LEADER
fixed length control field 01123cam a2200349 a 4500
001 - CONTROL NUMBER
control field ocm30511435
003 - CONTROL NUMBER IDENTIFIER
control field 0
005 - DATE AND TIME OF LATEST TRANSACTION
control field 20230123133734.0
008 - FIXED-LENGTH DATA ELEMENTS--GENERAL INFORMATION
fixed length control field 940505s1995 nyua b 001 0 eng
010 ## - LIBRARY OF CONGRESS CONTROL NUMBER
LC control number 94020346
015 ## - NATIONAL BIBLIOGRAPHY NUMBER
National bibliography number GB94-93944
020 ## - INTERNATIONAL STANDARD BOOK NUMBER
International Standard Book Number 0070203598 (acid-free paper) :
Terms of availability $50.00
029 1# - OTHER SYSTEM CONTROL NUMBER (OCLC)
OCLC library identifier UKM
System control number b9493944
035 ## - SYSTEM CONTROL NUMBER
-- H130
040 ## - CATALOGING SOURCE
Original cataloging agency DLC
Transcribing agency NUST
Modifying agency UKM
-- UBA
049 ## - LOCAL HOLDINGS (OCLC)
Holding library MAIN
090 ## - LOCALLY ASSIGNED LC-TYPE CALL NUMBER (OCLC); LOCAL CALL NUMBER (RLIN)
Classification number (OCLC) (R) ; Classification number, CALL (RLIN) (NR) TK5105.55
100 1# - MAIN ENTRY--PERSONAL NAME
Personal name Feit, Sidnie.
245 10 - TITLE STATEMENT
Title SNMP :
Remainder of title a guide to network management /
Statement of responsibility, etc. Sidnie M. Feit.
260 ## - PUBLICATION, DISTRIBUTION, ETC.
Place of publication, distribution, etc. New York :
Name of publisher, distributor, etc. McGraw-Hill,
Date of publication, distribution, etc. c1995.
300 ## - PHYSICAL DESCRIPTION
Extent xxx, 674 p. :
Other physical details ill. ;
Dimensions 24 cm.
440 #0 - SERIES STATEMENT/ADDED ENTRY--TITLE
Title McGraw-Hill series on computer communications
500 ## - GENERAL NOTE
General note "Includes SNMPv2"--Cover.
504 ## - BIBLIOGRAPHY, ETC. NOTE
Bibliography, etc. note Includes bibliographical references (p. 657-662) and index.
650 #0 - SUBJECT ADDED ENTRY--TOPICAL TERM
Topical term or geographic name entry element Simple Network Management Protocol (Computer network protocol)
650 #0 - SUBJECT ADDED ENTRY--TOPICAL TERM
Topical term or geographic name entry element Computer networks
General subdivision Management.
653 0# - INDEX TERM--UNCONTROLLED
Uncontrolled term Computers
-- Networks
-- Management
650 #7 - SUBJECT ADDED ENTRY--TOPICAL TERM
Topical term or geographic name entry element Teleinformatica
Source of heading or term larpcal
907 ## - LOCAL DATA ELEMENT G, LDG (RLIN)
a .b10063663
b 09-06-04
c 17-04-03
994 ## -
-- 92
-- ZNA
942 ## - ADDED ENTRY ELEMENTS (KOHA)
Koha item type Ordinary Loan Books
Call number prefix TK5105.55
Holdings
Date last seen Total Checkouts Full call number Barcode Cost, replacement price Price effective from Koha item type Lost status Source of classification or shelving scheme Damaged status Not for loan Collection Withdrawn status Home library Current library Shelving location Date acquired Cost, normal purchase price
01/23/2023 19 TK5105.55 FEI 92003017349 80.00 01/23/2023 BOOKS   LCC     NFIC   MAIN MAIN GEN 01/23/2023 80.00